Statistics for British Cultural Symbols (with Pictures!)

Click here to take the quiz!

General Stats

  • This quiz has been taken 134 times
  • The average score is 17 of 20

Answer Stats

ImageAnswer% Correct
Big Ben
100%
the Queen
100%
Mr. Bean
98%
Stonehenge
98%
Kilts
97%
Fish and chips
96%
Union Jack
96%
Double Decker
95%
William Shakespeare
95%
Bagpipe
93%
James Bond 007
93%
Red Dragon (Wales)
92%
White Cliffs of Dover
90%
Corgies
84%
Loch Ness
82%
Red telephone box
80%
The Beatles
75%
Thistle
65%
Pubs
49%
Coldstream Guards
32%

Score Distribution

Percentile by Number Answered

Percent of People with Each Score

Your Score History

You have not taken this quiz